000
00470nam a2200169Ia 4500
008
090711s9999 xx 000 0 und d
082
_b
63109
100
_a
कापसे स्मिता
245
_a
रामायणीय
260
_c
1989
300
_a
124
600
_a
कापसे स्मिता
630
_a
रामायणीय
700
_a
कापसे स्मिता
730
_a
रामायणीय
942
_c
BOOK
999
_c
284849
_d
284849